| 000 | 00523nam a2200097Ia 4500 | ||
|---|---|---|---|
| 008 | 180130s9999 xx 000 0 und d | ||
| 245 |
_cCarvalhoa, Glaucio H.S.; Wounganga, Isaac, Anpalagan, Alagan; Coutinho, Rodolfo W.L.; Costad, Joao C.W.A. _aA semi-Markov decision process-based joint call admission control for inter-rat cell re-selection in next generation data communication |
||
| 260 | _c2015 | ||
| 300 | _aBook title: Elements of data communication--Acession number C20540; pages 157-194 | ||
| 650 | _aDATA COMMUNICATION | ||
| 999 |
_c353861 _d353861 |
||